| 000 | 00520nam a2200205Ia 4500 | ||
|---|---|---|---|
| 005 | 20250317055803.0 | ||
| 008 | 240331s9999 xx 000 0 und d | ||
| 020 | _a8189359746 | ||
| 082 |
_bKAA _a894 |
||
| 245 | 0 | _aKaalaccuvatu pen pataippukal(1994-2004) | |
| 260 |
_aNagercoil _bKalachuvadu Pathippagam _c2008 |
||
| 300 | _a567 p ., | ||
| 650 | _aKatturaigal | ||
| 650 | _aKavithaigal | ||
| 650 | _aNerkaanal | ||
| 650 | _aShort Stories | ||
| 650 | _aAdditional | ||
| 700 |
_aRajamarthandan. _eedt |
||
| 942 | _cL | ||
| 999 |
_c5420 _d5420 |
||